000
00315nam a22001337a 4500
008
171016b xxu||||| |||| 00| 0 eng d
020
_a
9780534635725
041
_a
eng
080
_a
331.101.262
100
_a
52
101
_a
BNJ
245
_a
THE GLOBAL STRUGGLE FOR HUMAN RIGHTS
_c
DELAET, D.L
942
_2
udc
_c
BK
999
_c
34210
_d
34210